Periodic Elements - Symbols - Statistics

General Stats
  • This quiz has been taken 14 times
  • The average score is 54 of 118
Answer Stats
Hint Answer % Correct
6 C
100%
1 H
100%
8 O
100%
9 F
89%
53 I
89%
19 K
89%
7 N
89%
15 P
89%
16 S
89%
13 Al
78%
79 Au
78%
5 B
78%
4 Be
78%
20 Ca
78%
17 Cl
78%
26 Fe
78%
3 Li
78%
25 Mn
78%
10 Ne
78%
47 Ag
67%
18 Ar
67%
33 As
67%
24 Cr
67%
114 Fl
67%
2 He
67%
12 Mg
67%
88 Ra
67%
92 U
67%
23 V
67%
74 W
67%
54 Xe
67%
39 Y
67%
89 Ac
56%
35 Br
56%
48 Cd
56%
27 Co
56%
29 Cu
56%
68 Er
56%
63 Eu
56%
31 Ga
56%
80 Hg
56%
36 Kr
56%
57 La
56%
42 Mo
56%
76 Os
56%
82 Pb
56%
84 Po
56%
44 Ru
56%
70 Yb
56%
30 Zn
56%
95 Am
44%
85 At
44%
56 Ba
44%
83 Bi
44%
58 Ce
44%
64 Gd
44%
67 Ho
44%
71 Lu
44%
11 Na
44%
28 Ni
44%
61 Pm
44%
78 Pt
44%
75 Re
44%
86 Rn
44%
21 Sc
44%
14 Si
44%
50 Sn
44%
73 Ta
44%
52 Te
44%
55 Cs
33%
99 Es
33%
87 Fr
33%
32 Ge
33%
72 Hf
33%
77 Ir
33%
103 Lr
33%
101 Md
33%
109 Mt
33%
102 No
33%
46 Pd
33%
59 Pr
33%
94 Pu
33%
45 Rh
33%
51 Sb
33%
34 Se
33%
65 Tb
33%
43 Tc
33%
69 Tm
33%
40 Zr
33%
96 Cm
22%
112 Cn
22%
105 Db
22%
110 Ds
22%
66 Dy
22%
100 Fm
22%
49 In
22%
115 Mc
22%
41 Nb
22%
60 Nd
22%
93 Np
22%
118 Og
22%
91 Pa
22%
37 Rb
22%
62 Sm
22%
22 Ti
22%
81 Tl
22%
97 Bk
11%
98 Cf
11%
113 Nh
11%
38 Sr
11%
90 Th
11%
107 Bh
0%
108 Hs
0%
116 Lv
0%
104 Rf
0%
111 Rg
0%
106 Sg
0%
117 Ts
0%
No matching quizzes found
Score Distribution
Percent of People with Each Score
Percentile by Number Answered
Your Score History
You have not taken this quiz